[Event "USA-ch15 prel 09 corr"]
[Site "USA"]
[Date "2000.06.20"]
[Round "?"]
[White "Pohle, Ronald E"]
[Black "Henderson, Gregory"]
[Result "1-0"]
[WhiteElo "2296"]
[BlackElo "2113"]
[PlyCount "61"]
[EventDate "2000.06.20"]
[EventType "tourn (corr)"]
[EventRounds "12"]
[EventCountry "USA"]
[SourceTitle "Corr 2006"]
[Source "ChessBase"]
[SourceDate "2006.04.01"]
[SourceVersion "3"]
[SourceVersionDate "2006.04.01"]
[SourceQuality "1"]

1. c4 b6 2. Nc3 e6 3. e4 Bb7 4. Nge2 Nf6 5. d3 c5 6. g3 d6 7. Bg2 Nc6 8. 0-0 Be7 9. f4 a6 10. h3 h6 11. Be3 Nd7 12. d4 cxd4 13. Nxd4 Nxd4 14. Qxd4 Rc8 15. Rac1 0-0 16. Rfd1 Qc7 17. e5 Bxg2 18. exd6 Bxd6 19. Qxd6 Bc6 20. Qxc7 Rxc7 21. Rd6 Rb8 22. Nd5 Bxd5 23. cxd5 Rxc1+ 24. Bxc1 Nc5 25. dxe6 Nxe6 26. Be3 Nc5 27. Kg2 a5 28. Kf3 Rb7 29. b3 Nd7 30. Bd4 Kf8 31. Ke4 1-0

[Event "USA-ch15 prel 09 corr"]
[Site "USA"]
[Date "2000.06.20"]
[Round "?"]
[White "Saxe, Barry"]
[Black "Pohle, Ronald E"]
[Result "0-1"]
[WhiteElo "2297"]
[BlackElo "2296"]
[PlyCount "72"]
[EventDate "2000.06.20"]
[EventType "tourn (corr)"]
[EventRounds "12"]
[EventCountry "USA"]
[SourceTitle "Corr 2006"]
[Source "ChessBase"]
[SourceDate "2006.04.01"]
[SourceVersion "3"]
[SourceVersionDate "2006.04.01"]
[SourceQuality "1"]

1. Nf3 c5 2. e4 d6 3. d4 cxd4 4. Nxd4 Nf6 5. Nc3 a6 6. Bg5 e6 7. f4 Nc6 8. Nxc6 bxc6 9. e5 h6 10. Bh4 g5 11. fxg5 Nd5 12. Nxd5 exd5 13. exd6 hxg5 14. Qe2+ Be6 15. Bg3 Bxd6 16. Bxd6 Qxd6 17. g3 Qb4+ 18. c3 Qe4 19. Qxe4 dxe4 20. Bg2 f5 21. g4 0-0-0 22. gxf5 Bxf5 23. Rd1 Rxd1+ 24. Kxd1 Kd7 25. Kd2 Kd6 26. Ke3 Ke5 27. Bf1 a5 28. h3 a4 29. b4 Rh4 30. Rg1 Bxh3 31. Rxg5+ Kf6 32. Bxh3 Kxg5 33. Bd7 Rh2 34. Bxc6 Rxa2 35. Kxe4 a3 36. Bd5 Rd2 0-1